Great paintings of all time; (Record no. 27860)

000 -LEADER
fixed length control field 00852cam a22002531 4500
001 - CONTROL NUMBER
control field 10335190
003 - CONTROL NUMBER IDENTIFIER
control field OSt
005 - DATE AND TIME OF LATEST TRANSACTION
control field 20170211094844.0
008 - FIXED-LENGTH DATA ELEMENTS--GENERAL INFORMATION
fixed length control field 730412s1965 nyua 000 0 eng
010 ## - LIBRARY OF CONGRESS CONTROL NUMBER
LC control number 65027472
035 ## - SYSTEM CONTROL NUMBER
System control number (OCoLC)602278
040 ## - CATALOGING SOURCE
Original cataloging agency DLC
Transcribing agency OClU
Modifying agency OCoLC
-- DLC
042 ## - AUTHENTICATION CODE
Authentication code premarc
050 00 - LIBRARY OF CONGRESS CALL NUMBER
Classification number ND1210
Item number .S3 1965
082 ## - DEWEY DECIMAL CLASSIFICATION NUMBER
Classification number 759
100 1# - MAIN ENTRY--PERSONAL NAME
Personal name Schwartz, Paul Waldo
245 10 - TITLE STATEMENT
Title Great paintings of all time;
Remainder of title 100 masterpieces from the early Renaissance to abstract expressionism.
Statement of responsibility, etc. Introd. by Sir John Rothenstein.
260 ## - PUBLICATION, DISTRIBUTION, ETC. (IMPRINT)
Place of publication, distribution, etc. New York,
Name of publisher, distributor, etc. Simon and Schuster
Date of publication, distribution, etc. [1965]
300 ## - PHYSICAL DESCRIPTION
Extent 208 p.
Other physical details col. illus.
Dimensions 25 cm.
650 #0 - SUBJECT ADDED ENTRY--TOPICAL TERM
Topical term or geographic name as entry element Painting.
906 ## - LOCAL DATA ELEMENT F, LDF (RLIN)
a 7
b cbc
c oclcrpl
d u
e ncip
f 19
g y-gencatlg
942 ## - ADDED ENTRY ELEMENTS (KOHA)
Source of classification or shelving scheme
Koha item type Hard Covered Materials
Classification part ND 1210 .S3 1965
Holdings
Withdrawn status Lost status Source of classification or shelving scheme Damaged status Not for loan Home library Current library Shelving location Date acquired Source of acquisition Total Checkouts Full call number Barcode Date last seen Price effective from Koha item type
          MACHAKOS UNIVERSITY LIBRARY MACHAKOS UNIVERSITY LIBRARY Technical section 11/02/2017 Donation(B.F.A)   ND 1210 .S3 1965 34934 12/07/2018 11/02/2017 Hard Covered Materials
© Machakos University Library, Along The Highway, Machakos Wote Rd, Machakos, Kenya P.O. Box 136 - 90100 Machakos - Kenya

Tel: ( +254 ) 723 805829 OR Fax : 044-20353 OR Email: library@mksu.ac.ke